000 01429nam a2200325 4500
001 0000015035
003 CO-CtgCURN
005 20250502144719.0
007 ta
008 160627s1991 000 0 eng d
020 _a9681839293
040 _aCO-CtgCURN
_bspa
_ccoctgcurn
082 0 _a657
_bF45c
100 1 _aFinney, Harry Anson,
_d1886-1966.
245 1 0 _aCurso de contabilidad intermedia /
_cpor H. A. Finney , traducción al castellano revisada por M. de J. Fernández Cepero.
250 _a4a ed.
260 _aMexico :
_bUnion Tipografica Editorial Hispano-Americana,
_c1991.
300 _aV. 4.
490 1 _aBiblioteca Uthea de contabilidad superior
500 _aIncluye bibliografia e indice.
505 8 _av. 1 Teoria. -- v. 2 Material de practica, preguntas y problemas. -- v. 3 Respuestas a las preguntas y soluciones de los problemas.--v.4 Ajustes por gasto de ingresos y gastos diferidos, hojas de trabajo.--Ajustes por gasto de ingresos acumulados.--Cambio en el capital, cierre de libros
650 1 4 _aContabilidad
_vProblemas, ejercicios, etc.
700 1 _aMiller, Herbert E.
908 _a160627
942 _cBK
_h657
_iF45c
_2ddc
_n0
999 _c8573
_d8573